000 00574nam a2200145Ia 4500
008 100204s9999 xx 000 0 und d
082 _b9138
100 _aथत्ते यदुनाथ
245 _aआपला मान : आपला अभिमान भाग 1
260 _b"साकेत प्रकाशन , औरंगाबाद"
_c1986 4
300 _a72
630 _aआपला मान : आपला अभिमान भाग 1
730 _aआपला मान : आपला अभिमान भाग 1
942 _cBOOK
999 _c453574
_d453571